Statistics for Biggest Cities in Portugal (Updated)

Click here to take the quiz!

General Stats

  • This quiz has been taken 15 times
  • The average score is 8 of 15

Answer Stats

PopulationCity% Correct
545,796Lisbon
100%
231,800Porto
100%
146,543Braga
93%
106,655Coimbra
86%
105,590Funchal
79%
95,851Almada
57%
98,470Setúbal
57%
188,421Vila Nova de Gaia
57%
171,454Amadora
50%
62,130Aveiro
43%
81,006Agualva-Cacém
21%
73,047Queluz
21%
60,570Viseu
21%
65,469Rio Tinto
14%
62,860Barriero
7%

Score Distribution

Percentile by Number Answered

Percent of People with Each Score

Your Score History

You have not taken this quiz